000 00485nam a2200169 a 4500
005 20140412111330.0
008 030116s19uu xx 00 eng d
020 _a0-88705-920-1
050 _aTR(PS E
_bWe37 1994
245 _aWe're having a party /
_cillustrated by Lucy Rigg.
260 _aWestport, CT :
_bWishing Well Books,
_c1994.
300 _a1 v. (unp.) ; illl.
440 _aA Tiny Touch Book
650 _aParties--Fiction
650 _aTouch--Fiction
999 _c104878
_d104878